| 000 | 00441nam a2200145 4500 | ||
|---|---|---|---|
| 001 | 120754 | ||
| 003 | ES-MaACL | ||
| 007 | t| | ||
| 008 | 070214m19511955it r ||||1| ita d | ||
| 100 | 1 |
_aPolacchi, Luigi. _992792 |
|
| 245 | 1 | 0 |
_aOrgano _b: completaraccolta lírica, épica e tragica / _cLuigi Polacchi. |
| 260 |
_aRoma : _b[s.n.], _c1951-55 ( _fTall. Urbinate) |
||
| 300 |
_a2 v. ; _c22 cm. |
||
| 852 |
_aES-MaACL _jE-3470-71 _bR.35560-54878 |
||
| 999 |
_c120754 _d120754 |
||